000 01398nam a2200361Ia 4500
001 ebr10546726
003 CaPaEBR
006 m u
007 cr cn|||||||||
008 110929s2012 enka sb 001 0 eng d
010 _z 2011036964
020 _z9780754675372
020 _z9781409442653
040 _aCaPaEBR
_cCaPaEBR
035 _a(OCoLC)787852790
050 1 4 _aBF482
_b.H36 2012eb
082 0 4 _a612.744
_223
245 0 4 _aThe handbook of operator fatigue
_h[electronic resource] /
_cby Gerald Matthews ... [et al.].
260 _aFarnham, Surrey, England ;
_aBurlington, VT :
_bAshgate Pub. Company,
_c2012.
300 _axix, 510 p. :
_bill.
504 _aIncludes bibliographical references and index.
533 _aElectronic reproduction.
_bPalo Alto, Calif. :
_cebrary,
_d2011.
_nAvailable via World Wide Web.
_nAccess may be limited to ebrary affiliated libraries.
650 0 _aFatigue.
650 0 _aFatigue
_xPhysiological aspects.
650 0 _aFatigue
_xDiagnosis.
650 0 _aFatigue
_xPrevention.
650 0 _aMotor vehicle drivers
_xSafety measures.
650 0 _aLocal transit
_xEmployees
_xHealth and hygiene.
655 7 _aElectronic books.
_2local
700 1 _aMatthews, Gerald.
710 2 _aebrary, Inc.
856 4 0 _uhttp://site.ebrary.com/lib/rucke/Doc?id=10546726
_zAn electronic book accessible through the World Wide Web; click to view
999 _c137294
_d137294